Statistics for The Americas (except US) Geography by Letter - S

Click here to take the quiz!

General Stats

  • This quiz has been taken 579 times
  • The average score is 13 of 19

Answer Stats

HintAnswer% Correct
Capital of ChileSantiago
98%
South American countrySuriname
95%
Brazil's largest citySao Paulo
93%
________ and NevisSt. Kitts
92%
Capital of El SalvadorSan Salvador
90%
__________ and GrenadinesSt. Vincent
89%
Capital of Costa RicaSan Jose
84%
The capital of Bolivia; not La PazSucre
81%
Capital of Dominican RepublciSanto Domingo
79%
Canadian provinceSaskatchewan
79%
Another Caribbean countrySt. Lucia
78%
World's largest freshwater lakeSuperior
70%
and its biggest citySaskatoon
60%
River surrounding MontrealSt. Lawrence
55%
Mountain overlooking Rio de JaneiroSugarloaf
55%
Third largest city in Brazil and capital of BahiaSalvador
41%
Capital of NewfoundlandSt. John's
37%
Largest city in BoliviaSanta Cruz
23%
Largest city in New BrunswickSaint John
17%

Score Distribution

Percentile by Number Answered

Percent of People with Each Score

Your Score History

You have not taken this quiz